Law Insurance (Vol. 2) (Record no. 18671)
[ view plain ]
| 000 -LEADER | |
|---|---|
| fixed length control field | 00512nam a22001937a 4500 |
| 005 - DATE & TIME | |
| control field | 20260415150547.0 |
| 008 - FIXED-LENGTH DATA ELEMENTS--GENERAL INFORMATION | |
| fixed length control field | 260412b2025 |||||||| |||| 00| 0 eng d |
| 020 ## - ISBN | |
| International Standard Book Number | 9789349015722 |
| 040 ## - CATALOGING SOURCE | |
| Original cataloging agency | NLUO |
| 041 ## - LANGUAGE | |
| Language | English |
| 082 ## - DDC NUMBER | |
| Classification number | 346.54086 |
| Book Number | BAN/LAW |
| 100 ## - MAIN ENTRY--PERSONAL NAME | |
| Personal name | B.N. Banerjee & S.K. Sarvaria |
| 245 ## - TITLE STATEMENT | |
| Title | Law Insurance (Vol. 2) |
| Statement of responsibility, etc. | by B.N Banerjee & S.K. Sarvaria |
| 250 ## - EDITION STATEMENT | |
| Edition statement | 7th ed. |
| 260 ## - PUBLICATION, DISTRIBUTION, ETC. (IMPRINT) | |
| Place of publication, distribution, etc | Haryana : |
| Name of publisher, distributor, etc | LexisNexis, |
| Date of publication, distribution, etc | 2025. |
| 300 ## - PHYSICAL DESCRIPTION | |
| Pages | 2492 p. |
| 650 ## - SUBJECT | |
| Subject | Insurance Law.--India |
| 942 ## - ADDED ENTRY ELEMENTS (KOHA) | |
| Koha item type | Book |
| Withdrawn status | Lost status | Source of classification or shelving scheme | Damaged status | Not for loan | Location (home branch) | Sublocation or collection (holding branch) | Date acquired | Koha issues (times borrowed) | Koha full call number | Barcode (Accession No.) | Koha date last seen | Price effective from | Koha item type |
|---|---|---|---|---|---|---|---|---|---|---|---|---|---|
| Dewey Decimal Classification | NLUO | NLUO | 12/04/2026 | 346.54086 BAN/LAW | 15834 | 12/04/2026 | 12/04/2026 | Book |